000 01768nam a2200505 i 4500
001 32327
003 KOSZ 005
005 20220607090320.0
008 980702s1996 pl a |000 0 pol
015 _aUWD 1996/1330
020 _a832081006X
035 _a991003879649705066
035 _a(PL-WaBN)b11034336-48omnis_nlop
035 _ab11034336
035 _a(OCoLC)835178733
035 _azz2003985163
035 _a(PL)b0000001103433
035 _a(EXLNZ-48OMNIS_NETWORK)9910059492905606
040 _aWA N
_cWA N
_dKOSZ 005/HR
046 _k1996
080 _a339.138:005.2
080 _a658.1/.5
100 1 _aKłeczek, Ryszard
_eAutor
245 1 0 _aStrategiczne planowanie marketingowe /
_cRyszard Kłeczek, Witold Kowal, Jarosław Woźniczka ; pod red. nauk. Anieli Styś.
260 _aWarszawa :
_bPaństwowe Wydawnictwo Ekonomiczne,
_c1996.
300 _a380, [4] s. :
_bwykr. ;
_c21 cm.
336 _aTekst
_btxt
_2rdacontent
337 _aBez urządzenia pośredniczącego
_bn
_2rdamedia
338 _aWolumin
_bnc
_2rdacarrier
380 _aKsiążki
388 _a1901-2000
388 _a1989-2000
504 _aBibliogr. s. 377-[381].
650 7 _aMarketing strategiczny
_2DBN
650 7 _aPlanowanie strategiczne
_2DBN
655 7 _aPoradnik
_2DBN
658 _aZarządzanie i marketing
700 1 _aKowal, Witold
_c(nauki ekonomiczne)
_eAutor
700 1 _aStyś, Aniela
_d(1942- )
_eRedakcja
700 1 _aWoźniczka, Jarosław
_d(1964- )
_eAutor
710 2 _aPolskie Wydawnictwo Ekonomiczne
_4pbl
856 _uhttp://koha.tu.koszalin.pl/cgi-bin/koha/opac-detail.pl?biblionumber=32327
_yKatalog online BPK
942 _2UKD
_cKS
999 _c32327
_d32327